000 00841nam a2200277Ia 4500
003 OSt
005 20221006153144.0
006 a|||||r|||| 00| 0
007 ta
008 221006b |||||||| |||| 00| 0 jpn d
020 _a9784623036127
_c¥5000
024 _a31,453
037 _bGift, Donated By Prof. Sonoko Hijikata
_cTextual
040 _aEASL
_cEASL
_bjpn
041 _2jpn
_ajpn
082 _aY2.42.N, P2
100 _aKINOSHITA Futoshi
_9662660
245 0 _aKindaika izen no nihon no jinko to kazoku
260 _aKyoto
_bMineruwa (Minerva) Shobo Japan
_c2002
300 _a288p.
_ccm.
490 _v JL
650 _a Social and Educational History
_9662661
650 _aJL
942 _hY2.42.N, P2
_cTEXL
_2CC
999 _c1099539
_d1099539